00461nam a2200181Ia 4500003000900000008004100009040001300050040001300063041000800076100002400084245009600108250001100204260002800215260000900243300001100252300001000263490000600273IT-RoPAU120407s9999 xx 000 0 und d aIT-RoPAU cIT-RoPAU aita aPier Carlo Landucci aEsiste Dio? Studio critico-scientifico sul massimo problema del cosmo e dell’uomo. 4a ed. aAssisi aPro Civitate Christiana c1957 a231 p. c23 cm v1